Lịch sử Nhật Bản /

Nhật Bản thời xưa; Nhật Bản cổ đại; Nhật Bản thời trung cổ; Nhật Bản những năm đầu thời hiện đại; Nhật Bản hiện đại.

Enregistré dans:
Détails bibliographiques
Auteur principal: Mason, R.H.P.
Autres auteurs: Caiger, J.G., Nguyễn Văn Sỹ (dịch.)
Format: Livre
Langue:Vietnamese
English
Publié: Hà Nội : Lao động, 2003.
Sujets:
Tags: Ajouter un tag
Pas de tags, Soyez le premier à ajouter un tag!
Thư viện lưu trữ: Mạng thư viện Đại học Đà Nẵng
LEADER 01413cam a2200397 a 4500
001 000043950
003 2087
005 20060421145422.0
008 010217b2003 vm 000 vie
020 |c 70000 
040 |a LRC  |c LRC  |d LRC 
041 1 |a vie  |h eng 
082 1 4 |a 952  |b MA-R 
100 1 |a Mason, R.H.P. 
245 1 0 |a Lịch sử Nhật Bản /  |c R.H.P. Mason & J.G. Caiger ; người dịch : Nguyễn Văn Sỹ. 
246 3 5 |a A history of Japan. 
260 |a Hà Nội :  |b Lao động,  |c 2003. 
300 |a 450 tr. :  |b mh. ;  |c 20.5 cm. 
520 3 |a Nhật Bản thời xưa; Nhật Bản cổ đại; Nhật Bản thời trung cổ; Nhật Bản những năm đầu thời hiện đại; Nhật Bản hiện đại. 
630 0 4 |a Nhật Bản. 
650 0 4 |a Lịch sử  |z Nhật Bản. 
651 4 |a Nhật Bản  |x Lịch sử. 
700 1 |a Caiger, J.G. 
700 1 |a Nguyễn Văn Sỹ,  |e dịch. 
OWN |a DUT 
AVA |a UDN50  |b DUT  |c Book  |d 952 MA-R  |e available  |t Error 5001 Not defined in file expand_doc_bib_avail.  |f 3  |g 1  |h N  |i 0  |j SH  |k 1 
999 |a From the UDN01 
AVA |a UDN50  |b DUT  |c Book  |d 952 MA-R  |e available  |t Error 5001 Not defined in file expand_doc_bib_avail.  |f 3  |g 1  |h N  |i 0  |j SH  |k 1 
TYP |a Monograph 
TYP |a Printed language 
980 |a Mạng thư viện Đại học Đà Nẵng